[Event "Chigorin Memorial 21st"]
[Site "St Petersburg"]
[Date "2013.10.13"]
[Round "9"]
[White "Osipov, Vladimir N"]
[Black "Mihailov, Dmitrii"]
[Result "0-1"]
[WhiteElo "1919"]
[BlackElo "1819"]
[PlyCount "72"]
[EventDate "2013.10.05"]
[EventType "swiss"]
[EventRounds "9"]
[EventCountry "RUS"]
[SourceTitle "CBM 156 Extra"]
[Source "ChessBase"]
[SourceDate "2013.10.22"]
[SourceVersion "1"]
[SourceVersionDate "2013.10.22"]
[SourceQuality "1"]

1. e4 Nf6 2. e5 Nd5 3. c4 Nb6 4. d4 d6 5. Nf3 g6 6. Nc3 Bg7 7. Bf4 0-0 8. Bd3 Nc6 9. c5 dxc5 10. dxc5 Nd7 11. Nb5 Nxc5 12. Bc4 Be6 13. Be2 Qc8 14. 0-0 Nd7 15. Qc2 Bf5 16. Qc3 a6 17. Nbd4 Be4 18. Nxc6 Bxc6 19. Nd4 Bd5 20. Bf3 e6 21. Rfe1 c5 22. Nb3 b5 23. Rad1 Qc6 24. Bxd5 exd5 25. Qd2 d4 26. Bh6 Rfe8 27. Bxg7 Kxg7 28. f4 f6 29. Rc1 fxe5 30. fxe5 Qb6 31. e6 Rxe6 32. Rxe6 Qxe6 33. Nxc5 Nxc5 34. Rxc5 Qe4 35. Rc7+ Kg8 36. h3 Rd8 0-1

[Event "Chigorin Memorial 21st"]
[Site "St Petersburg"]
[Date "2013.10.06"]
[Round "2"]
[White "Mihailov, Dmitrii"]
[Black "Grinberg, Eyal"]
[Result "0-1"]
[WhiteElo "1819"]
[BlackElo "2087"]
[PlyCount "38"]
[EventDate "2013.10.05"]
[EventType "swiss"]
[EventRounds "9"]
[EventCountry "RUS"]
[SourceTitle "CBM 156 Extra"]
[Source "ChessBase"]
[SourceDate "2013.10.22"]
[SourceVersion "1"]
[SourceVersionDate "2013.10.22"]
[SourceQuality "1"]

1. b4 e5 2. Bb2 Bxb4 3. Bxe5 Nf6 4. c4 0-0 5. e3 d5 6. cxd5 Nxd5 7. Nf3 c5 8. Be2 Nc6 9. Bb2 Bf5 10. 0-0 Qd6 11. d4 Rfd8 12. Nbd2 Nc3 13. Nc4 Qe6 14. Bxc3 Bxc3 15. Nce5 Nxe5 16. Nxe5 cxd4 17. Nxf7 Qxf7 18. Qa4 d3 19. Bd1 Bxa1 0-1

[Event "Toronto NAYCC U12"]
[Site "Toronto"]
[Date "2013.08.17"]
[Round "6"]
[White "Mihailov, Dmitrii"]
[Black "Menon, Vishal"]
[Result "0-1"]
[WhiteElo "982"]
[BlackElo "1674"]
[PlyCount "68"]
[EventDate "2013.08.14"]
[EventType "swiss"]
[EventRounds "9"]
[EventCountry "CAN"]
[SourceTitle "EXT 2022"]
[Source "ChessBase"]
[SourceDate "2021.10.06"]
[SourceVersion "1"]
[SourceVersionDate "2021.10.06"]
[SourceQuality "1"]

1. e4 c5 2. Nf3 d6 3. c3 Nf6 4. d4 cxd4 5. cxd4 Nxe4 6. Nc3 Nxc3 7. bxc3 e6 8. Bb5+ Bd7 9. Bxd7+ Qxd7 10. 0-0 Be7 11. c4 0-0 12. d5 exd5 13. cxd5 Re8 14. Bb2 Na6 15. Qd4 Bf6 16. Qd2 Bxb2 17. Qxb2 Nc5 18. Qc2 h6 19. Nd4 Rac8 20. Qd1 Ne4 21. f3 Nf6 22. Rf2 Nxd5 23. Nb3 Ne3 24. Qd3 Nc4 25. f4 Qe6 26. Rff1 Qe3+ 27. Qxe3 Nxe3 28. Na5 Nxf1 29. Rxf1 Rc2 30. Nb3 Ree2 31. Rd1 Rxg2+ 32. Kh1 Rxh2+ 33. Kg1 Rxa2 34. Nd4 Rhd2 0-1

[Event "Gatineau TORO U1500"]
[Site "Gatineau"]
[Date "2013.06.07"]
[Round "1"]
[White "Mihailov, Dmitrii"]
[Black "Ethier, Valori"]
[Result "0-1"]
[WhiteElo "934"]
[BlackElo "1380"]
[PlyCount "82"]
[EventDate "2013.06.07"]
[EventType "swiss"]
[EventRounds "5"]
[EventCountry "CAN"]
[SourceTitle "EXT 2022"]
[Source "ChessBase"]
[SourceDate "2021.10.06"]
[SourceVersion "1"]
[SourceVersionDate "2021.10.06"]
[SourceQuality "1"]

1. e4 c6 2. Nf3 d5 3. e5 Bf5 4. d4 e6 5. Bd3 Ne7 6. Bd2 Bxd3 7. cxd3 Nd7 8. 0-0 Ng6 9. Bg5 Be7 10. Qd2 h6 11. Be3 Qb6 12. a3 c5 13. dxc5 Bxc5 14. d4 Be7 15. Nc3 Qd8 16. Rac1 Rc8 17. Ra1 0-0 18. Nb5 Qb6 19. Nc3 Qb3 20. Qc1 Rc6 21. Nd2 Qb6 22. Qe1 Qxb2 23. Na4 Qb5 24. Nc5 Nxc5 25. dxc5 Bxc5 26. Rb1 Qa6 27. Rc1 Qxa3 28. Nb1 Qb4 29. Bd2 Qb6 30. Ba5 Qb5 31. Nc3 Qxa5 32. Ra1 Qd8 33. Rc1 Bb4 34. Qe3 d4 35. Qe4 dxc3 36. Qxb4 Qc7 37. Rfe1 Rd8 38. Re3 c2 39. Ree1 Nxe5 40. Qb3 Nd3 41. Rxc2 Rxc2 0-1

[Event "Kishinev Ghimpu Memorial op"]
[Site "Kishinev"]
[Date "2012.11.12"]
[Round "5"]
[White "Petrenko, Svetlana"]
[Black "Mihailov, Dmitrii"]
[Result "1-0"]
[WhiteElo "2194"]
[BlackElo "2004"]
[PlyCount "97"]
[EventDate "2012.11.09"]
[EventType "swiss"]
[EventRounds "9"]
[EventCountry "MDA"]
[SourceTitle "EXT 2014"]
[Source "ChessBase"]
[SourceDate "2013.11.20"]
[SourceVersion "1"]
[SourceVersionDate "2013.11.20"]
[SourceQuality "1"]

1. e4 Nf6 2. e5 Nd5 3. c4 Nb6 4. d4 d6 5. exd6 cxd6 6. Nf3 g6 7. Be2 Bg7 8. 0-0 0-0 9. Be3 Nc6 10. Nc3 Bg4 11. b3 d5 12. c5 Nc8 13. Rc1 e6 14. h3 Bxf3 15. Bxf3 N8e7 16. Ne2 Nf5 17. Bg4 Nxe3 18. fxe3 Bh6 19. Nf4 g5 20. Nd3 f5 21. Be2 g4 22. Nf4 gxh3 23. gxh3 Qh4 24. Kh2 Kh8 25. a3 Rg8 26. Qe1 Qf6 27. Qf2 Bxf4+ 28. Qxf4 Rg7 29. b4 Rag8 30. Rg1 a6 31. Rxg7 Qxg7 32. Bf3 h5 33. Qh4 Qc7+ 34. Kh1 Rg3 35. Rg1 Rxg1+ 36. Kxg1 Qg7+ 37. Kf2 Kg8 38. Bxh5 Kf8 39. Qg3 Qxg3+ 40. Kxg3 Ke7 41. Be2 Kf6 42. h4 e5 43. dxe5+ Kxe5 44. h5 Ne7 45. Bf3 Ng8 46. Kh4 Nf6 47. h6 Ke6 48. Kg5 Ke5 49. Kg6 1-0

[Event "Chigorin Memorial 20th"]
[Site "St Petersburg"]
[Date "2012.10.31"]
[Round "5"]
[White "Mihailov, Dmitrii"]
[Black "Azimova, Karina"]
[Result "0-1"]
[WhiteElo "1854"]
[BlackElo "2044"]
[PlyCount "62"]
[EventDate "2012.10.27"]
[EventType "swiss"]
[EventRounds "9"]
[EventCountry "RUS"]
[SourceTitle "EXT 2013"]
[Source "ChessBase"]
[SourceDate "2012.11.22"]
[SourceVersion "1"]
[SourceVersionDate "2012.11.22"]
[SourceQuality "1"]

1. b4 d5 2. Bb2 Bf5 3. e3 e6 4. Nf3 Nf6 5. c4 c6 6. c5 Be7 7. Be2 h6 8. Nd4 Bg6 9. f4 Nbd7 10. 0-0 0-0 11. f5 exf5 12. Nxf5 b6 13. Qa4 Bxf5 14. Rxf5 bxc5 15. bxc5 Nxc5 16. Qc2 Ne6 17. Qxc6 d4 18. Bc4 Rc8 19. Qa4 dxe3 20. dxe3 Qb6 21. Qb3 Rxc4 22. Qxc4 Qxb2 23. Qc3 Qxc3 24. Nxc3 Rc8 25. Nd5 Nxd5 26. Rxd5 Bc5 27. Re5 Bb6 28. h4 Rc3 29. Kf2 Bd8 30. g3 Rc2+ 31. Kf3 Bf6 0-1

[Event "Chigorin Memorial 20th"]
[Site "St Petersburg"]
[Date "2012.10.30"]
[Round "4"]
[White "Demura, Anna"]
[Black "Mihailov, Dmitrii"]
[Result "0-1"]
[WhiteElo "1652"]
[BlackElo "1854"]
[PlyCount "90"]
[EventDate "2012.10.27"]
[EventType "swiss"]
[EventRounds "9"]
[EventCountry "RUS"]
[SourceTitle "EXT 2013"]
[Source "ChessBase"]
[SourceDate "2012.11.22"]
[SourceVersion "1"]
[SourceVersionDate "2012.11.22"]
[SourceQuality "1"]

1. e4 Nf6 2. Nc3 d5 3. exd5 Nxd5 4. Nxd5 Qxd5 5. Nf3 Bg4 6. Be2 Nc6 7. 0-0 0-0-0 8. d3 e5 9. h3 Bh5 10. Nd2 Bxe2 11. Qxe2 f5 12. Qf3 Qd7 13. Re1 Nd4 14. Qd1 Bd6 15. Nc4 Rde8 16. Be3 Nc6 17. f3 f4 18. Nxd6+ Qxd6 19. Bf2 g5 20. Kf1 h5 21. Qd2 Qd7 22. Ke2 g4 23. hxg4 hxg4 24. Kd1 gxf3 25. gxf3 Rh2 26. c3 Qh3 27. Qe2 Rg8 28. Kd2 Rgg2 29. Rf1 Qg3 30. Ke1 Rxf2 31. Qxf2 Rxf2 32. Rxf2 Qg1+ 33. Rf1 Qe3+ 34. Kd1 Qxd3+ 35. Ke1 Na5 36. Rf2 Nc4 37. Rd1 Qg6 38. b3 Ne3 39. Rdd2 Qg1+ 40. Ke2 b5 41. Kd3 Qb1+ 42. Ke2 a5 43. Rd3 Qxa2+ 44. Rd2 Qxb3 45. Rh2 a4 0-1

[Event "Kishinev Binefacere op"]
[Site "Kishinev"]
[Date "2007.04.26"]
[Round "6"]
[White "Mihailov, Dmitrii"]
[Black "Vetrila, Sandra"]
[Result "0-1"]
[WhiteElo "2004"]
[BlackElo "1998"]
[PlyCount "74"]
[EventDate "2007.04.21"]
[EventType "swiss"]
[EventRounds "9"]
[EventCountry "MDA"]
[SourceTitle "CBM 118 Extra"]
[Source "ChessBase"]
[SourceDate "2007.07.04"]
[SourceVersion "1"]
[SourceVersionDate "2007.07.04"]
[SourceQuality "1"]

1. Nf3 d5 2. b4 e5 3. a3 Bd6 4. Bb2 Qe7 5. e3 Nf6 6. Be2 0-0 7. d4 Nbd7 8. c4 dxc4 9. Bxc4 Bxb4+ 10. Nfd2 Bd6 11. 0-0 Nb6 12. Be2 Bf5 13. Re1 c6 14. Nf3 e4 15. Nfd2 Nfd5 16. Bf1 Rfe8 17. g3 Qg5 18. Bg2 Re6 19. Qb3 Rae8 20. Nc3 Nxc3 21. Bxc3 Nd5 22. Bb2 R8e7 23. Rac1 Rh6 24. Qa4 Bb8 25. Qa5 Re8 26. Qa4 Qh5 27. Nf1 Bh3 28. Rc5 Bxg2 29. Kxg2 Qh3+ 30. Kg1 Nf6 31. d5 Ng4 32. dxc6 Nxh2 33. Nxh2 Qxh2+ 34. Kf1 bxc6 35. Qd4 Qh1+ 36. Ke2 Qf3+ 37. Kd2 Rd6 0-1